000 00360 a2200157 4500
001 169094
020 _a
040 _cMagnum
100 _aPrado, Francisco Gutierrez Cruz
240 1 0 _aEcopedagogia e cidadania planetaria
_lpor
245 1 0 _aEcopedagogia e cidadania planetaria
362 0 _a1899
440 1 _aCortez
697 _aENSINO
942 _cBK
999 _c169094
_d169094